Normal view
MARC view
Entry Término temático
001 - NÚMERO DE CONTROL
- campo de control: 222858
003 - IDENTIFICADOR DE NÚMERO DE CONTROL
- campo de control: ES-MaACL
005 - FECHA Y HORA DE LA ÚLTIMA TRANSACCIÓN
- campo de control: 20230521182043.0
008 - ELEMENTOS DE DATO DE LONGITUD-FIJA
- campo de control de longitud fija: 230521|| aca||aabn | a|a d
040 ## - FUENTE DE CATALOGACIÓN
- Centro catalogador/agencia de origen: ES-MaACL
- Centro/agencia transcriptor: ES-MaACL
150 ## - ENCABEZAMIENTO--TÉRMINO DE MATERIA
- Término de materia o nombre geográfico como elemento de entrada: Monasterio de El Escorial. Biblioteca-
- Subdivisión de forma: Catálogos
670 ## - FUENTE DE DATOS ENCONTRADOS
- Cita de la fuente: Work cat.: (ES-MaACL)157832: Llacayo y Santa María, Augusto ( 1839-1886) 128990, Antiguos manuscritos de historia, ciencia y arte militar, medicina y literarios existentes en la Biblioteca del Monasterio de San Lorenzo de El Escorial / , 1878 (
